[Event "Berlin Neukoelln op 7th"]
[Site "Berlin"]
[Date "2001.06.22"]
[Round "7"]
[White "Nuristani, Akbar"]
[Black "Stojanovski, Dusko"]
[Result "1-0"]
[WhiteElo "2003"]
[BlackElo "1782"]
[PlyCount "123"]
[EventDate "2001.05.11"]
[EventType "swiss"]
[EventRounds "7"]
[EventCountry "GER"]
[SourceTitle "EXT 2022"]
[Source "ChessBase"]
[SourceDate "2021.10.06"]
[SourceVersion "1"]
[SourceVersionDate "2021.10.06"]
[SourceQuality "1"]

1. Nf3 Nf6 2. d4 d5 3. g3 e6 4. Bg2 Be7 5. c4 Bb4+ 6. Nbd2 0-0 7. 0-0 c6 8. c5 Ba5 9. Qc2 Nbd7 10. a3 Bc7 11. b4 a6 12. Bb2 Re8 13. Ne5 Nf8 14. Rad1 N6d7 15. e4 f6 16. Nd3 Ng6 17. f4 dxe4 18. Nxe4 Ndf8 19. Ba1 Ne7 20. Nb2 Nd5 21. Qb3 Qe7 22. Rfe1 Rd8 23. Nc4 Kh8 24. a4 b5 25. cxb6 Bxb6 26. Nc5 Bxc5 27. bxc5 Qc7 28. a5 Rb8 29. Nb6 Nxb6 30. cxb6 Qd7 31. Bb2 Ng6 32. Rc1 Ne7 33. Qc4 h6 34. Bxc6 Nxc6 35. Qxc6 Re8 36. d5 Qf7 37. d6 Bd7 38. Qe4 Rec8 39. Rc7 Qe8 40. Rec1 Rd8 41. Bd4 e5 42. fxe5 fxe5 43. Bxe5 Kg8 44. Rf1 Qe6 45. Qd4 Rf8 46. Re1 Rf7 47. Rc3 Rbf8 48. Rce3 Qh3 49. Qd5 Bc6 50. Qa2 Kh7 51. Qc2+ g6 52. Bf4 Rxf4 53. Re7+ R4f7 54. Qxc6 Qg4 55. Qd5 Kg7 56. d7 Qb4 57. Rxf7+ Rxf7 58. Qe5+ Kh7 59. d8Q Qxe1+ 60. Qxe1 h5 61. Qe5 Rg7 62. Qdf6 1-0

[Event "Berlin Neukoelln op 7th"]
[Site "Berlin"]
[Date "2001.06.01"]
[Round "4"]
[White "Stojanovski, Dusko"]
[Black "Heyne, Klaus"]
[Result "1-0"]
[WhiteElo "1782"]
[BlackElo "1267"]
[PlyCount "47"]
[EventDate "2001.05.11"]
[EventType "swiss"]
[EventRounds "7"]
[EventCountry "GER"]
[SourceTitle "EXT 2022"]
[Source "ChessBase"]
[SourceDate "2021.10.06"]
[SourceVersion "1"]
[SourceVersionDate "2021.10.06"]
[SourceQuality "1"]

1. e4 c5 2. Nf3 a6 3. d4 cxd4 4. Nxd4 e5 5. Nf3 d6 6. Bc4 Nf6 7. Ng5 Be6 8. Nxe6 fxe6 9. Bxe6 Nxe4 10. Qd5 Nxf2 11. Kxf2 Qf6+ 12. Ke2 Nc6 13. c3 Be7 14. Rf1 Qh4 15. h3 Rf8 16. Rxf8+ Kxf8 17. Be3 Qh5+ 18. Bg4 Qg6 19. Nd2 Qc2 20. Rf1+ Bf6 21. Bg5 Ke7 22. Bxf6+ gxf6 23. Qe6+ Kd8 24. Qd7# 1-0